000 02124cac a22003011u 4500
008 081204t 2006xxu||||| |||| 00| 0 eng d
010 _a 2004059223
020 _a007124459X
020 _a9780071244596
082 0 0 _222
_a657.046
_bLAR
100 _aLarsen, E. John.
_99093
245 1 0 _aModern Advanced Accounting /
_cE. John Larsen.
250 _a10th ed.
260 _aBoston :
_bMcGraw-Hill/Irwin,
_cc2006.
300 _axvii, 830 p. :
_bill. ;
_c26 cm.
500 _aIncludes index.
650 0 _aAccounting.
_99094
856 4 1 _uhttp://www.loc.gov/catdir/enhancements/fy0668/2004059223-t.html
942 _cBB
_k657.046LAR
_2ddc
999 _c4172
_d4172